000 00568nam a22001697a 4500
003 OSt
005 20120302152155.0
008 100104t xxu||||| |||| 00| 0 eng d
035 _a१७५९५
040 _cमराठी
245 _aगद्यप्रसाद
250 _a१ ली
260 _aपुणे
_bविदर्ब- मराठवाडा
_c१९६४
300 _b१८४ पाने
700 _aअदवंत, म. ना. / कुलकर्णी, भीमराव - संपा.
_911642
942 _2ddc
_cBOOK
999 _c496360
_d496357